|
|
|
|
| LEADER |
01665nam a2200265 i 4500 |
| 001 |
10012312 |
| 003 |
GR-PaULI |
| 005 |
20210117204454.0 |
| 008 |
881025t1980 gr g gre d |
| 952 |
|
|
|0 0
|1 0
|2 ddc
|4 0
|6 889_800000000000000_ΑΜΠ
|7 0
|9 146615
|a LISP
|b LISP
|c BSC
|d 2016-04-24
|i 30548
|l 0
|o 889.8 ΑΜΠ
|p 025000063628
|r 2016-04-24 00:00:00
|t 1
|y BK15
|
| 952 |
|
|
|0 0
|1 0
|2 ddc
|4 0
|6 889_800000000000000_ΑΜΠ
|7 0
|9 146616
|a LISP
|b LISP
|c BSC
|d 2016-04-24
|i 009786
|l 1
|o 889.8 ΑΜΠ
|p 025000178183
|r 2017-05-17 00:00:00
|s 2017-05-11
|t 2
|y BK15
|x Μεταφορά Τμήματος Φιλολογίας
|
| 952 |
|
|
|0 0
|1 0
|2 ddc
|4 0
|6 889_800000000000000_ΑΜΠ
|7 0
|9 217222
|a LISP
|b LISP
|c DON
|d 2017-11-10
|e ΒΑΛ
|i 129286
|l 0
|o 889.8 ΑΜΠ
|p 025000247564
|r 2017-11-10 00:00:00
|t 3
|v 2017.00
|w 2017-11-10
|y BK15
|
| 952 |
|
|
|0 0
|1 0
|2 ddc
|4 0
|6 889_108000000000000
|7 0
|9 243183
|a LISP
|b LISP
|c DON
|d 2020-09-07
|e ΓΑΛ
|i 143115
|l 0
|o 889.108
|p 025000269391
|r 2020-09-07 00:00:00
|t 4
|v 2020.00
|w 2020-09-07
|y BKN
|
| 999 |
|
|
|c 95554
|d 95554
|
| 040 |
|
|
|a GR-PaULI
|b gre
|c GR-PaULI
|e AACR2
|
| 082 |
0 |
4 |
|2 23
|a 889.8
|
| 082 |
0 |
4 |
|2 23
|a 889.108
|
| 100 |
1 |
|
|9 41655
|a Αμπατζοπούλου, Φραγκίσκη,
|d 1944-
|e συγγραφέας.
|
| 245 |
1 |
0 |
|a ... δεν άνθησαν ματαίως :
|b ανθολογία υπερρεαλισμού /
|c Φραγκίσκη Αμπατζοπούλου.
|
| 260 |
|
|
|a Αθήνα :
|b Νεφέλη,
|c 1980.
|
| 300 |
|
|
|a 411 σ. ;
|c 21 εκ.
|
| 505 |
1 |
|
|a Περιλαμβάνει χρονο-βιβλιογραφία, βιβλιογραφικά σημειώματα
|
| 650 |
|
4 |
|9 7755
|a Σουρεαλισμός (Λογοτεχνία)
|
| 942 |
|
|
|2 ddc
|c BK15
|
| 998 |
|
|
|c ΣΑΤΛΑΝΗΣ
|d 2020-08
|